| 000 | 00514nam a2200169Ia 4500 | ||
|---|---|---|---|
| 003 | IN-BaIIA | ||
| 005 | 20250703162112.0 | ||
| 008 | 211028s9999 xx 000 0 eng d | ||
| 040 | _cIIA Library | ||
| 080 |
_a083.550.38 _bIAGA-12U1 |
||
| 100 |
_aVadedekamp, J and Siebert, M _96717 |
||
| 245 | 0 |
_aGeomagnetic data 1966 indices K and C I.A.G.A Bulletin No. 1241 _cJ. Vadedekamp and M. Siebert |
|
| 260 |
_aParis _bIUGG Publications _c1969 |
||
| 300 | _axvi, 118p. | ||
| 650 | _aGeomagnetic Data | ||
| 942 |
_cBK _2ddc |
||
| 999 |
_c3779 _d3779 |
||